| 000 | 01165nam a2200229 4500 | ||
|---|---|---|---|
| 005 | 20250329135853.0 | ||
| 008 | 250329b |||||||| |||| 00| 0 eng d | ||
| 020 | _a9780295744100 | ||
| 037 | _cTextual | ||
| 040 |
_aRTL _cRTL |
||
| 084 |
_aY15 Q8 _qRTL |
||
| 100 |
_aRoy, Deboleena _9751605 |
||
| 245 | _aMolecular Feminisms: biology, becomings, and life in the lab | ||
| 260 |
_aSeattle _bUniversity of Washington Press _c2018 |
||
| 300 |
_axv, 265p. _bIncludes glossary, notes, bibliography and index |
||
| 490 | _aFeminist Technosciences | ||
| 520 | _a“Should feminists clone?” “What do neurons think about?” “How can we learn from bacterial writing?” These and other provocative questions have long preoccupied neuroscientist, molecular biologist, and intrepid feminist theorist Deboleena Roy, who takes seriously the capabilities of lab “objects”—bacteria and other human, nonhuman, organic, and inorganic actants—in order to understand processes of becoming. | ||
| 650 |
_aWomen in science _9751606 |
||
| 650 | _aFeminist theory | ||
| 650 |
_aFeminism and science. _9751607 |
||
| 942 |
_2CC _n0 _cTB _hY15 Q8 |
||
| 999 |
_c1308291 _d1308291 |
||